نسیم امروہی : (Record no. 108012)

MARC details
000 -LEADER
fixed length control field 00866nam a22002537a 4500
005 - DATE AND TIME OF LATEST TRANSACTION
control field 20170123162334.0
010 ## - LIBRARY OF CONGRESS CONTROL NUMBER
LC control number A-511503
020 ## - INTERNATIONAL STANDARD BOOK NUMBER
Terms of availability 100.00
035 ## - SYSTEM CONTROL NUMBER
System control number A-511503
037 ## - SOURCE OF ACQUISITION
Source of stock number/acquisition Cen Lib/Ret
040 ## - CATALOGING SOURCE
Original cataloging agency DPL
Language of cataloging UR
082 ## - DEWEY DECIMAL CLASSIFICATION NUMBER
Classification number 841.08
Item number ن س ی
245 ## - TITLE STATEMENT
Title نسیم امروہی :
Statement of responsibility, etc مرتبہ محمّد سیادت نقوی
Remainder of title ایک تعارف /
246 ## - VARYING FORM OF TITLE
Title proper/short title Naseem Amrohi : ek tarif /
Remainder of title edited by Mohammad Sayadat Naqvi
260 ## - PUBLICATION, DISTRIBUTION, ETC. (IMPRINT)
Place of publication, distribution, etc امروہہ
Name of publisher, distributor, etc دانش کدہ
Date of publication, distribution, etc 1991
270 ## - ADDRESS
City امروہہ
Address موہللہ انشمندان
300 ## - PHYSICAL DESCRIPTION
Extent 236p.
Dimensions 21cm(Hb)
650 ## - SUBJECT ADDED ENTRY--TOPICAL TERM
Topical term or geographic name as entry element ادب - اردو
9 (RLIN) 123281
650 ## - SUBJECT ADDED ENTRY--TOPICAL TERM
Topical term or geographic name as entry element اردو مضامین
9 (RLIN) 123282
650 ## - SUBJECT ADDED ENTRY--TOPICAL TERM
Topical term or geographic name as entry element Literature -- Urdu
9 (RLIN) 123283
650 ## - SUBJECT ADDED ENTRY--TOPICAL TERM
Topical term or geographic name as entry element Urdu Essays
9 (RLIN) 528
700 ## - ADDED ENTRY--PERSONAL NAME
Personal name نقوی، محمّد سیادت
9 (RLIN) 123284
942 ## - ADDED ENTRY ELEMENTS (KOHA)
Source of classification or shelving scheme Dewey Decimal Classification
Koha item type Urdu Bks
Classification part 841.08
Call number suffix ن س ی
Holdings
Withdrawn status Lost status Damaged status Not for loan Home library Current library Date acquired Source of acquisition Cost, normal purchase price Total Checkouts Full call number Barcode Date last seen Copy number Cost, replacement price Price effective from Koha item type
        Central Library Central Library 13/01/2016 Cen Lib/Ret 100.00   841.08 ن س ی A-511503 13/01/2016 1 100.00 13/01/2016 Urdu Bks

© Delhi Public Library
Hit Counter
free hit counter